UBT Library

Fluorescein angiography : (Record no. 41299)

000 -LEADER
fixed length control field 00733pam a2200241 a 4500
001 - CONTROL NUMBER
control field 2014329
005 - DATE AND TIME OF LATEST TRANSACTION
control field 20180130073701.0
008 - FIXED-LENGTH DATA ELEMENTS--GENERAL INFORMATION
fixed length control field 910513s1991 caua b 001 0 eng c
010 ## - LIBRARY OF CONGRESS CONTROL NUMBER
LC control number 91018039
020 ## - INTERNATIONAL STANDARD BOOK NUMBER
International Standard Book Number 1560550090
040 ## - CATALOGING SOURCE
Original cataloging agency DNLM/DLC
Transcribing agency DLC
Modifying agency DLC
041 ## - LANGUAGE CODE
Language code of text/sound track or separate title eng
060 ## - NATIONAL LIBRARY OF MEDICINE CALL NUMBER
Classification number W1 OP372L v. 5
-- WW 141 B513fa
080 ## - UNIVERSAL DECIMAL CLASSIFICATION NUMBER
Universal Decimal Classification number 617.730754 BER
082 00 - DEWEY DECIMAL CLASSIFICATION NUMBER
Classification number 617.730754 BER
Edition number 20
100 1# - Rafti
Rafti 8
101 ## - Shkurtesa
Shkurtesa OFT
245 10 - TITLE STATEMENT
Title Fluorescein angiography :
Statement of responsibility, etc Joseph W. Berkow, David H. Orth, James S. Kelley.
504 ## - BIBLIOGRAPHY, ETC. NOTE
Bibliography, etc Includes bibliographical references and index.
906 ## - LOCAL DATA ELEMENT F, LDF (RLIN)
a 7
b cbc
c orignew
d 1
e ocip
f 19
g y-gencatlg
942 ## - ADDED ENTRY ELEMENTS (KOHA)
Source of classification or shelving scheme
Item type Books
Holdings
Withdrawn status Lost status Source of classification or shelving scheme Damaged status Not for loan Collection code Permanent location Current location Shelving location Date acquired Total Checkouts Full call number Barcode Date last seen Price effective from Koha item type
          Koleksioni i përgjithshem UBT - Lipjan UBT - Lipjan Koleksioni i përgjithshem 01/30/2018   617.730754 BER 002-2996757 01/30/2018 01/30/2018 Books
UBT Library © 2015-2024. All rights reserved University Education for Business and Technology